Tous les Pokemon de type Psy (1G) - Statistiques

Statistiques générales
  • Ce quiz a été pris 19 fois
  • Le résultat moyen est 12 sur 14
Statistiques - réponses
Indices Réponses % Correct
Psy Abra
94%
Psy Kadabra
94%
Psy + Glace Lippoutou
94%
Psy Alakazam
88%
Psy Hypnomade
88%
Psy Mew
88%
Psy Mewtwo
88%
Psy Soporifik
88%
Psy + Fée M. Mime
82%
Psy + Eau Flagadoss
76%
Psy + Plante Noeunoeuf
76%
Psy + Eau Ramoloss
76%
Psy + Plante Noadkoko
71%
Psy + Eau Staross
71%
Aucun quiz correspondant
Distribution des résultats
% des personnes avec chaque résultat
Percentile par nombre de réponses
Votre historique - résultats
Vous n’avez pas pris ce quiz